000 00482nam a2200157Ia 4500
008 231217s9999 xx 000 0 und d
041 _aEnglish
082 _a028.7 EIS;1 R
100 _aEisenberg, MIchael BLowe, Carrie ASpitzer, Kathleen L
245 0 _aInformation literacy : essential skills for the information age
250 _a2nd ed.
260 _c2004
_bLibraries
_aWestport
300 _axviii+408
650 _aInformation,literacy,:,information,age
942 _cAA
999 _c175408
_d175408